000
00325nam a22001337a 4500
008
210310b ||||| |||| 00| 0 eng d
041
_a
eng
080
_a
615.83
082
_a
615.83
100
_a
8
101
_a
EGZ
245
_a
Teaching Individuals with Physical and Multiple Disabilities
_c
Bigge,J.L
942
_2
udc
_c
BK
999
_c
56269
_d
56269